000
00298nam a22001337a 4500
008
181023b xxu||||| |||| 00| 0 eng d
020
_a
9780965087445
041
_a
eng
080
_a
940
100
_a
16
101
_a
SHH
245
_a
Wars of the Irish Kings
_c
Cullough,D.W,M
942
_2
udc
_c
BK
999
_c
50594
_d
50594